| 000 | 01318nam a22002897a 4500 | ||
|---|---|---|---|
| 001 | BH7431 | ||
| 003 | ES-SlBCS | ||
| 005 | 20260416083410.0 | ||
| 008 | 260416s1794 sp 000 0 spa d | ||
| 040 |
_aES-SIBCS _bspa |
||
| 041 |
_aspa _hita |
||
| 100 | 1 |
_aMasdeu, Juan Francisco de (S.I.) _d1744-1817 _94986 |
|
| 245 | 1 | 0 |
_aHistoria crítica de España y de la cultura española. _cObra compuesta en las dos lenguas Italiana y Castellana por D. Juan Francisco de Masdeu, Natural de Barcelona. _nTomo XIII España árabe Libro II |
| 260 |
_aEn Madrid : _bEn la Imprenta de Sancha. _bSe hallará en su Librería de la Aduana vieja, _c 1794 |
||
| 300 |
_aXXIII, 462, [1], p. ; _c21 cm |
||
| 500 | _aSellos de Corias y La VC. En todos los ejemplares: "Do Monsenhor Ferreira" | ||
| 505 | _aTomo XIII España árabe. Libro II Religion, Gobierno y Cultura de la España Arabe | ||
| 561 | _aVirgen del Camino | ||
| 561 | _aConvento de Almagro | ||
| 561 | _aSan Pablo (Valladolid) | ||
| 561 | _aConvento de Jerez | ||
| 650 |
_aHistoria de España _vCrítica de la cultura _xObras anteriores a 1800 _99788 |
||
| 700 | 1 |
_aSancha, Antonio de, _d1720-1790, _eimp. _c(Madrid) _95676 |
|
| 752 |
_aEspaña _dMadrid. |
||
| 856 | 4 | 1 | _uhttp://books.google.com/books/ucm?vid=UCM5315913771&printsec=frontcover |
| 942 |
_2lcc _cLA |
||
| 999 |
_c18307 _d21538 |
||